Усилия в зацеплении плоских шариковых передач; Технический прогресс в машиностроении

Detalhes bibliográficos
Parent link:Технический прогресс в машиностроении.— 1972.— С. 84-88
Autor principal: Беляев А. Е.
Outros Autores: Гурин В. В.
Idioma:russo
Publicado em: 1972
Assuntos:
Formato: MixedMaterials Capítulo de Livro
KOHA link:https://koha.lib.tpu.ru/cgi-bin/koha/opac-detail.pl?biblionumber=594665

MARC

LEADER 00000naa0a2200000 4500
001 594665
005 20250212154917.0
035 |a (RuTPU)RU\TPU\tpu\11403 
035 |a RU\TPU\tpu\11402 
090 |a 594665 
100 |a 20030911d1972 k y0rusy50 ca 
101 0 |a rus 
102 |a RU 
200 1 |a Усилия в зацеплении плоских шариковых передач  |f А. Е. Беляев, В. В. Гурин 
463 |t Технический прогресс в машиностроении  |o доклады IV научно-технической конференции  |v С. 84-88  |d 1972 
610 1 |a зацепления 
610 1 |a шариковые передачи 
610 1 |a труды учёных ТПУ 
700 1 |a Беляев  |b А. Е. 
701 1 |a Гурин  |b В. В. 
801 1 |a RU  |b 63413507  |c 20030910  |g PSBO 
801 2 |a RU  |b 63413507  |c 20100315  |g PSBO 
942 |c BK